| 000 | 01325nam a22001337a 4500 | ||
|---|---|---|---|
| 999 |
_c533261 _d533261 |
||
| 008 | 260505b ||||| |||| 00| 0 eng d | ||
| 100 |
_a Behera, Jitamitra and Sharma, Ruchi _960383 |
||
| 245 | _aIdentification of star firms and decoding investment in intangibles: Evidence from the INDIAN manufacturing industry | ||
| 260 | _aEconomic & Political Weekly | ||
| 300 | _a61(16), Apr 18, 2026: p.80-89 | ||
| 520 | _aThe star firms phenomenon, focusing on the changing structure of investment dynamism in Indian manufacturing industries, is explored. Analysing firm-level information from the Centre for Monitoring Indian Economy Prowess database for 2000 to 2023, this study investigates the emergence of star (superstar) firms and presents a comparative analysis highlighting intangible expenditure and intangible assets. We find that star firms are intangible-intensive relative to non-star peers and such investment in intangibles increases the likelihood of transforming a firm into a star. So, a regulatory framework is suggested that encourages investment in intangibles to leverage scale advantage and enhance performance. –Reproduced https://www.epw.in/journal/indias-industrial-transformation/identification-star-firms-and-decoding-investment.html | ||
| 773 | _aEconomic & Political Weekly | ||
| 942 | _cAR | ||